Statistiques concernant Logos de marques cachés dans une image de Porco Rosso

Cliquez ici pour prendre le quiz!

Statistiques générales

  • Ce quiz a été pris 890 fois
  • Le résultat moyen est 9 sur 12

Réponses sur la Carte

Les réponses sont colorées sur une échelle allant du rouge au vert en fonction du pourcentage des utilisateurs qui les ont devinées à leur premier essai. Vous pouvez retrouver ces pourcentages ci-dessous.
 

Statistiques - réponses

Réponse% Correct
Lacoste
99%
Apple
96%
Snapchat
95%
Channel
92%
Volkswagen
92%
Carrefour
75%
Citroën
70%
Jetpunk
67%
Adobe
64%
Nike
61%
BP
57%
Musée d'Orsay
10%

Distribution des résultats

Percentile par nombre de réponses

% des personnes avec chaque résultat

Votre développement - résultats

Vous n’avez pas pris ce quiz